[Event "Memorial Helio da Motta - ALEX 2017"]
[Site "Rio de Janeiro | BRA"]
[Date "2017.03.07"]
[Round "1.1"]
[White "Faria, Daniel"]
[Black "Souza Santos, Tadeu"]
[Result "0-1"]
[WhiteElo "1678"]
[BlackElo "2117"]

1. Nf3 d6 2. g3 f5 3. Bg2 Nf6 4. d4 g6 5. O-O Bg7 6. Nc3 O-O 7. b4 Qe8 8. Rb1
c6 9. Qd3 e5 10. dxe5 dxe5 11. e4 f4 12. Rd1 Nh5 13. a4 Bg4 14. Ba3 Qe7 15.
Ne2 Nd7 16. b5 c5 17. Qd5+ Kh8 18. Qxb7 Rad8 19. h3 Bxf3 20. Bxf3 fxg3 21.
Bxh5 gxf2+ 22. Kf1 gxh5 23. Rd3 Qh4 24. Bc1 Nb6 25. Rbb3 c4 26. Rxd8 Qxd8 27.
Bf4 cxb3 28. Qxg7+ Kxg7 {#R} 0-1

[Event "Memorial Helio da Motta - ALEX 2017"]
[Site "Rio de Janeiro | BRA"]
[Date "2017.03.07"]
[Round "1.2"]
[White "Ramos Simoes, Leo"]
[Black "Negreiros, Diogenes"]
[Result "1-0"]
[WhiteElo "2047"]
[BlackElo "1653"]

1. e4 c5 2. Nf3 d6 3. d4 cxd4 4. Nxd4 Nf6 5. Nc3 a6 6. Be2 g6 7. O-O Bg7 8.
Bf3 O-O 9. Be3 Nc6 10. Nxc6 bxc6 11. Qd2 Qc7 12. Bh6 Bg4 13. Bxg7 Kxg7 14.
Bxg4 Nxg4 15. Rad1 d5 16. g3 e6 17. exd5 Ne5 18. f4 Qb6+ 19. Qd4 Qxd4+ 20.
Rxd4 Ng4 21. dxe6 fxe6 22. Re1 Rae8 23. Rd6 e5 24. h3 Nh6 25. fxe5 Nf7 26. Rd7
Kg8 27. e6 Ng5 28. e7 Nf3+ 29. Kf2 Nxe1+ 30. exf8=Q+ Kxf8 31. Rd2 g5 32. Ne2
Rb8 33. b3 Nxc2 34. Rxc2 Rc8 35. b4 Ke7 36. Nd4 Kd6 37. Ke3 Re8+ 38. Kd3 Re1
39. Rxc6+ Kd5 40. Rc5+ Kd6 41. Rxg5 Ra1 42. Ra5 Rg1 43. Rxa6+ Kd5 {#r} 1-0

[Event "Memorial Helio da Motta - ALEX 2017"]
[Site "Rio de Janeiro | BRA"]
[Date "2017.03.07"]
[Round "1.3"]
[White "Saldanha, Adriano"]
[Black "Lima, Juarez"]
[Result "1-0"]
[WhiteElo "1651"]
[BlackElo "1989"]

1. e4 e5 2. d4 exd4 3. Qxd4 Nf6 4. Nc3 Nc6 5. Qe3 Bb4 6. Bd2 O-O 7. O-O-O d6
8. f3 Be6 9. Kb1 Re8 10. Qg5 h6 11. Qh4 Qe7 12. Nge2 a6 13. g4 Bxc3 14. Nxc3
Nxe4 15. Qe1 Nxc3+ 16. Bxc3 Qg5 17. Qf2 b5 18. f4 Qxg4 19. Bg2 Bd7 20. Rhg1
Re2 21. Qf1 Qe6 22. Bd5 Qe3 23. Bxg7 Kh7 24. Rd3 Qe7 25. Bxf7 Bf5 26. Bc3 Bxd3
27. cxd3 Re5 28. fxe5 Nxe5 29. Bxe5 Qxe5 30. Qg2 Qf6 31. Bg6+ Kg7 32. Qxa8 Qf2
33. Qg2 Qe3 34. Qg3 Qd4 35. Bh5+ Kf8 36. Qg8+ Ke7 37. Qg7+ {#r} 1-0

[Event "Memorial Helio da Motta - ALEX 2017"]
[Site "Rio de Janeiro | BRA"]
[Date "2017.03.07"]
[Round "1.4"]
[White "Mesquita, Jose Carlos"]
[Black "Tiomno, Luiz Sergio"]
[Result "1-0"]
[WhiteElo "1962"]
[BlackElo "1651"]

1. e4 e5 2. Nf3 d6 3. d4 Bg4 4. dxe5 Bxf3 5. Qxf3 dxe5 6. Bc4 Nf6 7. Nc3 Bb4
8. O-O O-O 9. Bg5 c6 10. Rad1 Nbd7 11. Bxf6 gxf6 12. Qg4+ Kh8 13. Rxd7 Qc8 14.
Qf5 Kg7 15. Rfd1 b5 16. R1d3 Be7 17. Rg3+ Kh8 18. Rh3 {#r} 1-0

[Event "Memorial Helio da Motta - ALEX 2017"]
[Site "Rio de Janeiro | BRA"]
[Date "2017.03.07"]
[Round "1.5"]
[White "Luz, Carlos Henrique"]
[Black "Murilo, Sergio"]
[Result "0-1"]
[WhiteElo "1623"]
[BlackElo "1954"]

1. d4 Nf6 2. Bf4 g6 3. e3 Bg7 4. Nf3 d6 5. c3 Nbd7 6. h3 c5 7. Be2 Qa5 8. Nbd2
cxd4 9. exd4 O-O 10. Nc4 Qd8 11. O-O Nd5 12. Bg3 b6 13. Nfd2 Bb7 14. Bf3 Rc8
15. Re1 Ba8 16. Ne3 Nxe3 17. Rxe3 d5 18. Qe2 e6 19. Qa6 Bh6 20. Re2 Bc6 21.
Nf1 Ra8 22. a4 Nb8 23. Qd3 Qd7 24. Qc2 Re8 25. Ne3 Bf8 26. Ng4 Be7 27. Ne5 Qb7
28. Nxc6 Nxc6 29. Qd2 Bf8 30. Bf4 Na5 31. Qe1 Nb3 32. Ra2 a6 33. Qd1 Na5 34.
Qd3 Qc6 35. Re1 Bd6 36. Bh6 Qc4 37. Qb1 Qc7 38. Qc1 Rab8 39. Qg5 Qd8 40. Be2
Ra8 41. Qxd8 Rexd8 42. Bd3 Rdc8 43. Re2 Nc4 44. Kf1 Ra7 45. Ke1 Rcc7 46. f4
Bf8 47. Bxf8 Kxf8 48. Kf2 Nd6 49. Kf3 b5 50. axb5 axb5 51. Rxa7 Rxa7 52. b3
Ra1 53. Rd2 Rc1 54. Bc2 f5 55. Ke3 Ke7 56. Kd3 Rg1 57. Bd1 Ne4 58. Bf3 Nxd2
59. Kxd2 h5 60. b4 h4 61. Ke2 Kd6 62. Kd2 Kd7 63. Kc2 Ke7 64. Kd2 Kf6 65. Ke2
g5 66. fxg5+ Kxg5 67. Kd2 Kf4 68. Ke2 Kg3 69. Ke3 f4+ 70. Ke2 Rxg2+ 71. Bxg2
Kxg2 {#R} 0-1

[Event "Memorial Helio da Motta - ALEX 2017"]
[Site "Rio de Janeiro | BRA"]
[Date "2017.03.07"]
[Round "1.7"]
[White "Araujo, Bernardo"]
[Black "de Oliveira Lima, Alexandre"]
[Result "0-1"]
[WhiteElo "1539"]
[BlackElo "1886"]

1. e4 c5 2. Nf3 e6 3. d4 cxd4 4. Nxd4 Nc6 5. Nc3 a6 6. a3 Qc7 7. Be3 b5 8.
Nce2 Ne5 9. Ng3 Bb7 10. Be2 Nf6 11. f3 Nc4 12. Bxc4 Qxc4 13. Qd3 Rc8 14. Qxc4
Rxc4 15. c3 d5 16. exd5 Nxd5 17. Bf2 Nf4 18. O-O Nd3 19. Rab1 Nxf2 20. Rxf2
Bc5 21. Re2 Bxd4+ 22. cxd4 Rxd4 23. Nf5 Rd5 24. Ng3 O-O 25. Ne4 Rc8 26. Rd2
Rxd2 27. Nxd2 Rc2 28. Ne4 Bxe4 29. fxe4 Re2 30. Rd1 g6 31. b4 Re3 32. Ra1 Rxe4
33. Kf2 Kf8 34. Kf3 f5 35. Rc1 Rc4 36. Ra1 Ke7 37. h3 h5 38. g3 g5 39. Kf2 Rc3
40. Kg2 g4 41. h4 e5 42. Kf2 f4 43. gxf4 exf4 44. a4 Rc2+ 45. Kg1 f3 46. axb5
axb5 47. Rb1 g3 48. Rf1 Rg2+ 49. Kh1 Rh2+ {#R} 0-1

[Event "Memorial Helio da Motta - ALEX 2017"]
[Site "Rio de Janeiro | BRA"]
[Date "2017.03.07"]
[Round "1.8"]
[White "Braga Dias, Matheus"]
[Black "da Luz, Luiz Alberto "]
[Result "1-0"]
[WhiteElo "1859"]
[BlackElo "1537"]

1. e4 c6 2. d4 d5 3. Nd2 dxe4 4. Nxe4 Bf5 5. Ng3 Bg6 6. Nf3 Nd7 7. Bc4 e6 8.
O-O h6 9. Re1 Ngf6 10. c3 Be7 11. Bd3 Bxd3 12. Qxd3 O-O 13. b3 Qc7 14. Bb2
Rad8 15. Nf5 Nc5 16. Nxe7+ Qxe7 17. Qc2 Ncd7 18. Rad1 Nd5 19. Qd2 c5 20. c4
N5f6 21. d5 Qd6 22. dxe6 Qxd2 23. exf7+ Kxf7 24. Rxd2 Rfe8 25. Kf1 Rxe1+ 26.
Nxe1 Re8 27. f3 Nf8 28. Nd3 Ne6 29. Ne5+ Kf8 30. Nd7+ Kf7 31. Nxf6 gxf6 32.
Rd7+ Re7 33. Rxe7+ Kxe7 34. g3 h5 35. Ke2 f5 36. h4 Kf7 37. a3 Kg6 38. Ke3 a6
39. b4 b5 40. Kd3 f4 41. gxf4 cxb4 42. axb4 bxc4+ 43. Kxc4 Nxf4 44. Bc1 Ne6
45. Kd5 Kf5 46. Be3 Nf4+ 47. Kc6 Nd3 48. Bc5 Kf4 49. Kb6 Kxf3 50. Kxa6 Nxb4+
51. Bxb4 Kg4 52. Be7 Kf5 53. Kb5 Ke6 54. Bg5 Kd5 55. Bd8 Kd6 56. Kc4 Ke5 57.
Kc5 Ke4 58. Kd6 Kf5 59. Kd5 Kg6 60. Ke6 Kg7 61. Kf5 Kh6 62. Kf6 Kh7 63. Kg5
Kg7 64. Kxh5 Kh7 65. Bf6 Kg8 66. Kg6 {#r} 1-0

[Event "Memorial Helio da Motta - ALEX 2017"]
[Site "Rio de Janeiro | BRA"]
[Date "2017.03.07"]
[Round "1.9"]
[White "Faraco, Pedro"]
[Black "Rabello, David"]
[Result "1-0"]
[WhiteElo "1464"]
[BlackElo "1835"]

1. d4 b6 2. Bf4 Bb7 3. e3 Nf6 4. Nd2 e6 5. Ngf3 Bd6 6. Bxd6 cxd6 7. Nc4 Qc7 8.
Bd3 O-O 9. O-O Re8 10. Re1 Nc6 11. c3 d5 12. Nce5 Nxe5 13. Nxe5 d6 14. Ng4 Qe7
15. f4 Ne4 16. Qc2 Qh4 17. Nf2 f5 18. Bb5 Rf8 19. Nxe4 dxe4 20. Qf2 Qh5 21.
Rac1 Rf6 22. Qe2 Qf7 23. c4 Rd8 24. Rc3 e5 25. fxe5 dxe5 26. d5 Rg6 27. Ra3
Bc8 28. Rf1 f4 29. exf4 Bh3 30. Rxh3 exf4 31. Qxe4 Qf8 32. Qd4 Qf5 33. Qd3 Qg5
34. Qf3 Rf8 35. Rg3 Qe5 36. Rxg6 hxg6 37. Qc3 Qd6 38. Qd4 g5 39. Re1 f3 40.
gxf3 Rxf3 41. Qg4 Qc5+ 42. Kh1 Qf2 43. Qg1 Qd2 44. Rd1 Qc2 45. d6 Qe4 46. Qg2
Qe3 47. d7 Rf2 48. d8=Q+ Kh7 49. Qd3+ Qxd3 50. Rxd3 Rf5 51. Rh3+ Kg6 {#r} 1-0

[Event "Memorial Helio da Motta - ALEX 2017"]
[Site "Rio de Janeiro | BRA"]
[Date "2017.03.07"]
[Round "1.10"]
[White "Von Calmbach, Guilherme"]
[Black "Rodrigues, Job"]
[Result "1-0"]
[WhiteElo "1787"]
[BlackElo "1238"]

1. e4 d6 2. f4 Nf6 3. Nc3 g6 4. Nf3 Bg7 5. Bc4 O-O 6. O-O Nbd7 7. d4 Ne8 8.
Ng5 e6 9. f5 h6 10. fxe6 hxg5 11. exf7+ Kh7 12. fxe8=Q Rxf1+ 13. Kxf1 Qxe8 14.
Bxg5 Qf8+ 15. Ke1 Nf6 16. Qf3 Bd7 17. Kd2 Re8 18. h4 b5 19. Bd3 Nh5 20. Rf1
Qxf3 21. Rxf3 b4 22. Nd5 Bxd4 23. Rf7+ Kg8 24. Rxd7 Bxb2 25. Ne7+ Kh8 26.
Nxg6+ Kg8 27. Bc4+ {#r} 1-0

[Event "Memorial Helio da Motta - ALEX 2017"]
[Site "Rio de Janeiro | BRA"]
[Date "2017.03.14"]
[Round "2.1"]
[White "Souza Santos, Tadeu"]
[Black "Braga Dias, Matheus"]
[Result "0-1"]
[WhiteElo "2117"]
[BlackElo "1859"]

1. e4 c5 2. Nf3 g6 3. c3 Bg7 4. Bc4 Nc6 5. O-O d6 6. Re1 e6 7. d3 Nge7 8. Nbd2
O-O 9. Nf1 Rb8 10. a4 a6 11. Bf4 b5 12. axb5 axb5 13. Bb3 Bb7 14. h4 b4 15.
Rc1 h5 16. Qd2 Ra8 17. Bh6 bxc3 18. bxc3 Ra3 19. Bxg7 Kxg7 20. Rb1 Qc7 21. Ng5
d5 22. exd5 exd5 23. Ng3 Na5 24. Bd1 c4 25. dxc4 dxc4 26. Qd4+ Kg8 27. Bxh5
gxh5 28. Nxh5 Nf5 29. Rxb7 Qxb7 30. Qf6 Qc6 31. Qxf5 Qg6 32. Qc5 Ra2 33. Nf4
Qc2 34. Ne4 f5 35. Ng5 Qd2 36. Qa7 Nb7 37. Qxb7 Qxf2+ 38. Kh1 Qxh4+ 39. Nfh3
Qxe1+ 40. Ng1 Qh4+ 41. N1h3 Qe1+ 42. Kh2 Qe5+ 43. Kh1 Ra1+ 44. Ng1 Rxg1+ 45.
Kxg1 Qe3+ 46. Kf1 Qxg5 47. Qd5+ Kg7 48. Qxc4 Qc1+ 49. Kf2 Qd2+ 50. Kg1 Qe1+
{#R} 0-1

[Event "Memorial Helio da Motta - ALEX 2017"]
[Site "Rio de Janeiro | BRA"]
[Date "2017.03.14"]
[Round "2.2"]
[White "de Oliveira Lima, Alexandre"]
[Black "Ramos Simoes, Leo"]
[Result "0-1"]
[WhiteElo "1886"]
[BlackElo "2047"]

1. d4 Nf6 2. Nf3 e6 3. c4 b6 4. g3 Ba6 5. Qc2 Bb4+ 6. Bd2 Be7 7. Bg2 c6 8. O-O
d5 9. b3 O-O 10. Bf4 Nh5 11. Be3 Nf6 12. Ne5 Nfd7 13. Nd3 Bb7 14. Nd2 Na6 15.
b4 Nxb4 16. Nxb4 Bxb4 17. Nb3 Rc8 18. c5 bxc5 19. a3 cxd4 20. Nxd4 Be7 21.
Rfb1 Qc7 22. Qa4 a6 23. Nb3 c5 24. Rc1 Nb6 25. Qg4 f5 26. Qh5 Nc4 27. Bf4 e5
28. Bg5 Bd6 29. Rc3 h6 30. Bc1 Rb8 31. g4 f4 32. g5 Qf7 33. Qh4 hxg5 34. Qxg5
Be7 35. Qg4 Bc8 36. Qf3 Be6 37. Qd3 e4 38. Qc2 d4 39. Rxc4 Bxc4 40. Nd2 Bxe2
41. Nxe4 f3 42. Bh3 Qg6+ 43. Kh1 c4 44. Bd2 Bd3 {#R} 0-1

[Event "Memorial Helio da Motta - ALEX 2017"]
[Site "Rio de Janeiro | BRA"]
[Date "2017.03.14"]
[Round "2.3"]
[White "Von Calmbach, Guilherme"]
[Black "Mesquita, Jose Carlos"]
[Result "0-1"]
[WhiteElo "1787"]
[BlackElo "1962"]

1. e4 e5 2. f4 exf4 3. Nf3 d6 4. Bc4 h6 5. d4 g5 6. c3 Bg7 7. Qb3 Qe7 8. O-O
Nf6 9. e5 Ng4 10. h3 Ne3 11. Bxe3 fxe3 12. exd6 cxd6 13. Na3 O-O 14. Nc2 Nc6
15. Rae1 Na5 16. Qb4 Nxc4 17. Qxc4 Bd7 18. Nxe3 Qd8 19. Qb4 Qb6 20. Nd5 Qxb4
21. Nxb4 Rfe8 22. Nd5 Rxe1 23. Rxe1 Re8 24. Kf2 Rxe1 25. Kxe1 Be6 26. Nb4 a5
27. d5 Bf5 28. g4 Be4 29. Nd2 Bg2 30. Nd3 Bxd5 31. c4 Bg2 32. b3 Bc3 33. Nf2
Bf3 34. Nd1 Bxd2+ 35. Kxd2 Kg7 36. Nf2 Kf6 37. Ke3 Bc6 38. Kd4 Ke6 39. c5 Bg2
40. a3 dxc5+ 41. Kxc5 Bd5 42. b4 axb4 43. axb4 Ke5 44. b5 Bg2 45. Kb6 Kd4 46.
Kc7 Ke3 47. Nd1+ Kf4 48. b6 Kg3 49. Ne3 Bc6 50. Nf5+ Kxh3 51. Nd6 Kxg4 52.
Nxf7 Bd5 53. Nxh6+ Kf4 54. Nf7 Bxf7 {#R} 0-1

[Event "Memorial Helio da Motta - ALEX 2017"]
[Site "Rio de Janeiro | BRA"]
[Date "2017.03.13"]
[Round "2.4"]
[White "Murilo, Sergio"]
[Black "Saldanha, Adriano"]
[Result "1/2-1/2"]
[WhiteElo "1954"]
[BlackElo "1651"]

1. e4 e5 2. Nf3 d6 3. Bc4 Be7 4. d4 exd4 5. Nxd4 Nf6 6. Nc3 O-O 7. h3 Bd7 8.
Be3 Nc6 9. Qd2 a6 10. a3 Ne5 11. Be2 c5 12. Nf3 Bc6 13. Nxe5 dxe5 14. Qxd8
Rfxd8 15. Bf3 h6 16. O-O Rac8 17. Rfd1 Kf8 18. g4 Rd7 19. Rxd7 Bxd7 20. Bg2 g5
21. Rd1 Ke8 22. f3 Be6 23. Bf2 b5 24. Bg3 Nd7 25. Nd5 f6 26. Bf1 c4 27. c3
Bc5+ 28. Bf2 Bxf2+ 29. Kxf2 Bxd5 30. Rxd5 Ke7 31. Ke3 Nc5 32. Kd2 Ne6 33. Kc2
Nf4 34. Rd2 Rd8 {#d} 1/2-1/2

[Event "Memorial Helio da Motta - ALEX 2017"]
[Site "Rio de Janeiro | BRA"]
[Date "2017.03.14"]
[Round "2.6"]
[White "Pereira, Emmanuel"]
[Black "Faraco, Pedro"]
[Result "1/2-1/2"]
[WhiteElo "1691"]
[BlackElo "1464"]

1. e4 c5 2. Nf3 d6 3. d4 cxd4 4. Nxd4 Nf6 5. Nc3 a6 6. Be2 e5 7. Nb3 Be6 8. g4
d5 9. g5 Nxe4 10. Nxe4 dxe4 11. Qxd8+ Kxd8 12. Be3 Bd6 13. O-O-O Ke7 14. Nc5
Bxc5 15. Bxc5+ Ke8 16. Bd6 Nd7 17. f4 exf4 18. Bxf4 Rc8 19. Rd4 f5 20. gxf6
Nxf6 21. Re1 Bxa2 22. Bd3 Kf7 23. Bxe4 Rhe8 24. Kd2 Nxe4+ 25. Rexe4 Rxe4 26.
Rxe4 Rd8+ 27. Kc1 Bd5 28. Rd4 Rd7 29. c4 Bc6 30. Rxd7+ {#d} 1/2-1/2

[Event "Memorial Helio da Motta - ALEX 2017"]
[Site "Rio de Janeiro | BRA"]
[Date "2017.03.14"]
[Round "2.8"]
[White "Rabello, David"]
[Black "Luz, Carlos Henrique"]
[Result "1-0"]
[WhiteElo "1835"]
[BlackElo "1623"]

1.e4 e6 2.d4 a6 3.Nf3 d5 4.e5 c5 5.c3 Nc6 6.Bd3 Qb6 7.O-O cxd4 8.cxd4 Nge7
9.Nc3 Ng6 10.Na4 Qd8 11.a3 Be7 12.Qc2 Bd7 13.Nc5 Qc7 14.b4 b5 15.Be3 O-O
16.Rac1 Be8 17.Qe2 Bxc5 18.Rxc5 f6 19.exf6 Rxf6 20.Bg5 Nf4 21.Qc2 Nxd3 22.Qxd3
Rf5 23.Qe3 Qd7 24.Re1 Bf7 25.Nh4 Nxd4 26.Nxf5 Nxf5 27.Qe5 Qd6 28.Qxd6 Nxd6
29.Rc6 Nc4 30.f4 h6 31.Bh4 Kh7 32.Rc7 Kg6 33.g4 Bg8 34.Rc6 Nxa3 35.f5+ Kf7
36.fxe6+ Ke8 37.Rd6 g5 38.Bg3 Nc2 39.Rb1 d4 40.Be5 Ke7 41.Rc6 d3 42.Bg7 Bxe6
43.Bxh6 Bxg4 44.Bxg5+ Kd7 45.Rc5 Ke6 46.Rf1 Nxb4 47.Rf6+ Kd7 48.Bf4 Ke7 49.Rh6
Rg8 50.Rc7+ Ke8 51.Kf2 Nd5 52.Ra7 Nxf4 53.Rhh7 Kd8 54.Ke3 Nd5+ 55.Kd2 Nb4
56.Ra8+ Bc8 57.h4 Re8 58.Kd1 Nc6 59.h5 Ne7 60.h6 Kc7 61.Ra7+ Bb7 62.Rg7 Kb8
63.Rxb7+ Kxb7 64.h7 Kb6 65.Rxe7 Ka5 66.Rxe8 {#r} 1-0

[Event "Memorial Helio da Motta - ALEX 2017"]
[Site "Rio de Janeiro | BRA"]
[Date "2017.03.14"]
[Round "2.9"]
[White "Ribeiro de Carvalho, Irahy"]
[Black "Pinon, Antonio Marcos"]
[Result "0-1"]
[WhiteElo "1555"]
[BlackElo "1803"]

1. e4 g6 2. Nc3 Bg7 3. Nf3 d6 4. Be2 a6 5. d3 b5 6. Be3 c5 7. Rb1 Nc6 8. a3
Nf6 9. Qd2 Ng4 10. h3 Nxe3 11. Qxe3 O-O 12. h4 h5 13. Nh2 Ne5 14. f4 Ng4 15.
Nxg4 hxg4 16. h5 Bxc3+ 17. bxc3 Qa5 18. Qd2 Qxa3 19. f5 gxf5 20. Qg5+ Kh7 21.
exf5 Qxc3+ 22. Qd2 Qxd2+ 23. Kxd2 Bxf5 24. Rhf1 e6 25. g3 Kh6 26. Rh1 Rh8 27.
Rh4 Kg5 28. Rh2 Rh6 29. Rbh1 Rah8 30. Ke3 Rxh5 31. Rxh5+ Rxh5 32. Rxh5+ Kxh5
33. Kf4 a5 34. c3 a4 35. d4 a3 36. Bxb5 a2 37. dxc5 dxc5 {#R} 0-1

[Event "Memorial Helio da Motta - ALEX 2017"]
[Site "Rio de Janeiro | BRA"]
[Date "2017.03.14"]
[Round "2.10"]
[White "da Luz, Luiz Alberto "]
[Black "Labre, Diogenes"]
[Result "0-1"]
[WhiteElo "1537"]
[BlackElo "1683"]

1. d4 Nf6 2. Bg5 e6 3. c4 Be7 4. Nc3 d5 5. e3 O-O 6. Nf3 c6 7. Be2 Nbd7 8. O-O
dxc4 9. Bxc4 Nd5 10. Bxe7 Qxe7 11. Nxd5 exd5 12. Bd3 Nf6 13. Qc2 Bg4 14. Ne5
Bh5 15. h3 Bg6 16. Nxg6 hxg6 17. Rae1 Rfe8 18. f3 Qd6 19. e4 dxe4 20. fxe4
Qxd4+ 21. Kh1 Rad8 22. Rf3 Re5 23. Bc4 Rc5 24. Rd3 Qxd3 25. Bxd3 Rxc2 26. Bxc2
Rd2 27. Bb3 Rxb2 28. e5 Nd5 29. e6 fxe6 30. Rxe6 Kh7 31. g4 Nb4 32. Re7 Nxa2
33. Rxb7 Nc1 34. Bg8+ Kxg8 35. Rxb2 Nd3 36. Rc2 Nb4 37. Rc5 Kf7 38. g5 Ke6 39.
Kg2 Kd6 40. Ra5 a6 41. Ra1 c5 42. Rd1+ Kc6 43. Rd8 c4 44. Rg8 c3 45. Rc8+ Kd5
46. Rxc3 a5 47. Rc7 a4 48. Rxg7 a3 49. Rxg6 a2 50. Rb6 Kc5 {#R} 0-1

[Event "Memorial Helio da Motta - ALEX 2017"]
[Site "Rio de Janeiro | BRA"]
[Date "2017.03.14"]
[Round "2.11"]
[White "Rodrigues, Job"]
[Black "Faria, Daniel"]
[Result "0-1"]
[WhiteElo "1238"]
[BlackElo "1678"]

1. Nf3 d5 2. g3 Nc6 3. Bg2 e5 4. d3 Bc5 5. O-O Nge7 6. Nbd2 Bg4 7. e4 d4 8. h3
Bd7 9. Nc4 f6 10. a3 a5 11. Bd2 b5 12. Ncxe5 fxe5 13. Nxe5 Nxe5 14. f4 Nf7 15.
e5 O-O 16. Qe2 Bc6 17. Bxc6 Nxc6 18. e6 Nd6 19. Qf3 Ne7 20. g4 Ne8 21. f5 Nd5
22. Rae1 Ra6 23. Re5 Ne3 24. Bxe3 dxe3 25. Rxc5 Rxe6 26. Qd5 Qxd5 27. Rxd5 e2
28. Re1 Rc6 29. Rxe2 Nd6 30. c3 Kf7 31. Re6 g6 32. Rxb5 gxf5 33. gxf5 Rg8+ 34.
Kf1 Rg3 35. c4 Rxd3 36. c5 Rf3+ 37. Kg2 Rxf5 38. Rxd6 Rxd6 39. cxd6 Rxb5 40.
dxc7 Rc5 {#R} 0-1

[Event "Memorial Helio da Motta - ALEX 2017"]
[Site "Rio de Janeiro | BRA"]
[Date "2017.03.14"]
[Round "2.12"]
[White "Negreiros, Diogenes"]
[Black "Araujo, Bernardo"]
[Result "0-1"]
[WhiteElo "1653"]
[BlackElo "1539"]

1. d4 d5 2. c4 c6 3. Nf3 e6 4. Nc3 dxc4 5. e4 b5 6. a4 b4 7. Na2 Ba6 8. Be2 c5
9. O-O cxd4 10. Nxd4 Be7 11. Be3 Nf6 12. Re1 O-O 13. e5 Nd5 14. Bf3 Qc7 15.
Nb5 Bxb5 16. Bxd5 exd5 17. axb5 Qb7 18. Qg4 Rd8 19. Bh6 g6 20. e6 f6 21. Rad1
Qxb5 22. f4 d4 23. Rf1 Qf5 24. Qxf5 gxf5 25. Rf3 Kh8 26. Rg3 Rg8 27. Rxg8+
Kxg8 28. Rxd4 Bc5 29. Nxb4 Bxd4+ 30. Kf1 Bc5 31. Nd5 Nc6 32. Nxf6+ Kh8 33. Nd7
Bd4 34. h3 Bxb2 35. g4 fxg4 36. hxg4 Bc1 37. g5 Bxf4 38. Ke2 c3 39. Kd3 Ne5+
40. Kxc3 Nxd7 {#R} 0-1

[Event "Memorial Helio da Motta - ALEX 2017"]
[Site "Rio de Janeiro | BRA"]
[Date "2017.03.21"]
[Round "3.1"]
[White "Ramos Simoes, Leo"]
[Black "Braga Dias, Matheus"]
[Result "1-0"]
[WhiteElo "2047"]
[BlackElo "1859"]

1.d4 Nf6 2.c4 g6 3.Nf3 d5 4.e3 Bg7 5.Be2 O-O 6.O-O b6 7.b3 Bb7 8.Bb2 Nbd7
9.Nbd2 c5 10.Rc1 Rc8 11.cxd5 Nxd5 12.Nc4 cxd4 13.Bxd4 N5f6 14.Qd2 Re8 15.Qb2
Rc7 16.Rfd1 Qa8 17.Nxb6 Bxf3 18.Nxa8 Rxc1 19.Rxc1 Bxa8 20.Bb5 e5 21.Bxa7 Bb7
22.Rc7 Rd8 23.Rxb7 {#r} 1-0

[Event "Memorial Helio da Motta - ALEX 2017"]
[Site "Rio de Janeiro | BRA"]
[Date "2017.03.21"]
[Round "3.3"]
[White "Faraco, Pedro"]
[Black "Murilo, Sergio"]
[Result "0-1"]
[WhiteElo "1464"]
[BlackElo "1954"]

1. d4 Nf6 2. Bf4 d5 3. Nd2 c6 4. e3 Bf5 5. c3 Nbd7 6. h3 e6 7. Ngf3 Qb6 8. Qb3
h6 9. Qxb6 Nxb6 10. Ne5 Nfd7 11. Nxd7 Kxd7 12. b3 Ba3 13. Nf3 Bb2 14. Rd1
Bxc3+ 15. Ke2 f6 16. Nd2 Rhe8 17. Nb1 Bb4 18. f3 a5 19. Kf2 a4 20. Bd3 axb3
21. axb3 Ra2+ 22. Kg3 g5 {#R} 0-1

[Event "Memorial Helio da Motta - ALEX 2017"]
[Site "Rio de Janeiro | BRA"]
[Date "2017.03.21"]
[Round "3.5"]
[White "Labre, Diogenes"]
[Black "Souza Santos, Tadeu"]
[Result "0-1"]
[WhiteElo "1683"]
[BlackElo "2117"]

1. e4 c5 2. Nf3 Nc6 3. d4 cxd4 4. Nxd4 e5 5. Nb5 d6 6. N5c3 a6 7. Na3 Be6 8.
Bc4 b5 9. Bd5 Rc8 10. Bxc6+ Rxc6 11. Nd5 Be7 12. O-O Bg5 13. Qh5 Bxc1 14.
Raxc1 Bxd5 15. exd5 Rc5 16. f4 e4 17. b4 Nf6 18. Qe2 Rxd5 19. g4 h6 20. c4
bxc4 21. Nxc4 O-O 22. Rcd1 Rxd1 23. Rxd1 d5 24. g5 hxg5 25. fxg5 Nh7 26. h4
Nxg5 27. hxg5 Qxg5+ 28. Kh2 Qh4+ 29. Kg2 dxc4 30. Rh1 Qg5+ 31. Kf1 Rd8 {#R}
0-1

[Event "Memorial Helio da Motta - ALEX 2017"]
[Site "Rio de Janeiro | BRA"]
[Date "2017.03.21"]
[Round "3.6"]
[White "Alves Rolim, Carlos"]
[Black "Von Calmbach, Guilherme"]
[Result "0-1"]
[WhiteElo "1889"]
[BlackElo "1787"]

1. c4 e5 2. Nc3 c6 3. Nf3 d6 4. d3 Bg4 5. e3 Nd7 6. h3 Bh5 7. Be2 Ngf6 8. O-O
Be7 9. d4 Qc7 10. Nh4 Bxe2 11. Qxe2 O-O 12. Nf5 Rfe8 13. Nxe7+ Rxe7 14. d5 e4
15. Rd1 Nc5 16. b4 Nd3 17. Ba3 cxd5 18. Nxd5 Nxd5 19. cxd5 Qc3 20. Bc1 Qxa1
21. f3 Nxc1 22. Qc2 Qxa2 23. Qxc1 {#R} 0-1

[Event "Memorial Helio da Motta - ALEX 2017"]
[Site "Rio de Janeiro | BRA"]
[Date "2017.03.21"]
[Round "3.7"]
[White "Faria, Daniel"]
[Black "de Oliveira Lima, Alexandre"]
[Result "0-1"]
[WhiteElo "1678"]
[BlackElo "1886"]

1. c4 Nf6 2. Nf3 g6 3. g3 Bg7 4. Bg2 O-O 5. d4 d5 6. cxd5 Nxd5 7. e4 Nb6 8.
Nc3 Nc6 9. Ne2 Bg4 10. e5 Qd7 11. h3 Be6 12. b3 Rad8 13. Be3 Nd5 14. Ng5 Nxe3
15. fxe3 Qc8 16. Qc1 Nb4 17. Qc3 Nd5 18. Bxd5 Bxd5 19. e4 Bc6 20. Nf4 h6 21.
Nxg6 fxg6 22. Qc4+ Bd5 23. exd5 hxg5 24. g4 Rf4 25. d6+ e6 26. Rc1 Bxe5 27.
Qxc7 Re4+ 28. Kd2 Rxd4+ 29. Ke3 Qd7 30. Qc2 Qg7 31. Rhd1 Bf4+ 32. Kf3 Bxc1 33.
Rxd4 Qxd4 34. Qxg6+ Qg7 35. Qxe6+ Kh8 36. Qd5 Rf8+ 37. Ke4 Re8+ 38. Kd3 Re3+
39. Kc4 Qc3+ 40. Kb5 Re5 {#R} 0-1

[Event "Memorial Helio da Motta - ALEX 2017"]
[Site "Rio de Janeiro | BRA"]
[Date "2017.03.21"]
[Round "3.8"]
[White "Araujo, Bernardo"]
[Black "Rabello, David"]
[Result "1-0"]
[WhiteElo "1539"]
[BlackElo "1835"]

1. e4 b6 2. d4 Bb7 3. Bd3 e6 4. Nf3 Nc6 5. c3 Nf6 6. Nbd2 d5 7. e5 Nd7 8. Nf1
Ne7 9. Ng3 c5 10. Ng5 Ng6 11. Nxf7 Kxf7 12. Qf3+ Ke8 13. Qh5 Qc7 14. Bxg6+ Kd8
15. Bg5+ Be7 16. Bxe7+ Kxe7 17. Qh4+ Nf6 18. exf6+ gxf6 19. Bh5 Ba6 20. Be2
Bb7 21. O-O Raf8 22. Rfe1 Kd7 23. Bf3 Qd6 24. Re2 Ba6 25. Re3 Kc7 26. Rae1 Bc8
27. Nh5 f5 28. Qf4 Qxf4 29. Nxf4 Rf6 30. Nxe6+ Kd6 31. Nf4 h5 32. Bxd5 h4 33.
h3 Bd7 34. dxc5+ Kxc5 35. Re7 Kd6 36. R7e3 a5 37. c4 Rb8 38. Nd3 f4 39. Rf3 b5
40. Rxf4 Rxf4 41. Nxf4 bxc4 42. Bxc4 Rxb2 43. Bg8 Rd2 44. Re2 Rd4 45. Ng6 Bf5
46. Nf8 a4 47. Rb2 Kc6 48. Bh7 Bc8 49. a3 Kc5 50. Rc2+ Rc4 51. Rxc4+ Kxc4 52.
Bg8+ Kc3 53. Ne6 Kb2 54. Nc5 Kxa3 55. Kh2 Kb4 56. Nxa4 Kxa4 57. g3 hxg3+ 58.
fxg3 {#r} 1-0

[Event "Memorial Helio da Motta - ALEX 2017"]
[Site "Rio de Janeiro | BRA"]
[Date "2017.03.21"]
[Round "3.9"]
[White "Pinon, Antonio Marcos"]
[Black "Pereira, Emmanuel"]
[Result "1-0"]
[WhiteElo "1803"]
[BlackElo "1691"]

1. d4 Nf6 2. Nf3 g6 3. e3 d5 4. Bd3 Bg4 5. Nbd2 Bg7 6. O-O O-O 7. b3 Nc6 8. a3
Re8 9. h3 Bxf3 10. Nxf3 a6 11. Bb2 e6 12. Ne5 Nxe5 13. dxe5 Nd7 14. f4 f6 15.
exf6 Bxf6 16. Bxf6 Qxf6 17. g4 Nc5 18. g5 Qc3 19. Rf3 Nxd3 20. cxd3 c6 21. d4
Qa5 22. Kf2 Kg7 23. h4 h5 24. gxh6+ Kxh6 25. Rg3 Rg8 26. b4 Qd8 27. Qg4 Qf6
28. Rh1 Qf5 29. Qe2 Kg7 30. h5 Kf6 31. Rg5 Qe4 32. Rhg1 Kf7 33. Re5 {#r} 1-0